00465nam a2200169Ia 450000500170000000800410001702000180005804100120007608200150008810000230010324500550012625000120018126000400019330000220023365000210025565000190027620260429112200.0260429s9999||||xx |||||||||||||| ||und|| a9789386677709 aEnglish a338.5bDHI aDhingra, Ishwar C. 0aPrinciples of microeconomics / cIshwar C. Dhingra a1st ed. aNew Delhi : bManakin Press,c2026. axiii, 700 p.; pbk a Supply analysis aMicroeconomics